[Event "Villalba op 1st"]
[Site "Villalba"]
[Date "2013.07.28"]
[Round "2.23"]
[White "Sanchez Alvarez, Jorge"]
[Black "Ojosnegros Martin, Angel"]
[Result "0-1"]
[WhiteElo "1987"]
[BlackElo "1505"]
[PlyCount "66"]
[EventDate "2013.07.27"]
[EventType "swiss"]
[EventRounds "9"]
[EventCountry "ESP"]
[SourceTitle "EXT 2024"]
[Source "ChessBase"]
[SourceDate "2023.10.10"]
[SourceVersion "1"]
[SourceVersionDate "2023.10.10"]
[SourceQuality "1"]

1. c4 Nf6 2. g3 e6 3. Bg2 d5 4. Nf3 Be7 5. 0-0 0-0 6. b3 b6 7. Bb2 Bb7 8. d3 Nbd7 9. Nbd2 c5 10. cxd5 exd5 11. d4 Ne4 12. Nxe4 dxe4 13. Nd2 f5 14. e3 Ba6 15. Re1 Bd3 16. f3 Nf6 17. g4 fxg4 18. fxe4 Rc8 19. e5 Nd5 20. Nc4 Bg6 21. Nd6 Nb4 22. Nxc8 Qxc8 23. d5 Bh4 24. Rf1 Nd3 25. Qe2 Bf2+ 26. Kh1 Qf5 27. e4 Qh5 28. Qxd3 Rf3 29. Bxf3 Bg3 30. Qe2 gxf3 31. Rxf3 Bxe4 32. Kg2 Qxh2+ 33. Kf1 Qh1# 0-1

[Event "Madrid Villaverde op 11th"]
[Site "Madrid"]
[Date "2009.07.02"]
[Round "4"]
[White "Ramos Aldoradin, John Paul"]
[Black "Sanchez Alvarez, Jorge"]
[Result "1-0"]
[WhiteElo "2121"]
[BlackElo "2005"]
[PlyCount "75"]
[EventDate "2009.06.29"]
[EventType "swiss"]
[EventRounds "9"]
[EventCountry "ESP"]
[SourceTitle "EXT 2010"]
[Source "ChessBase"]
[SourceDate "2010.11.25"]
[SourceVersion "1"]
[SourceVersionDate "2010.11.25"]
[SourceQuality "1"]

1. e4 e5 2. Nf3 Nc6 3. Bc4 Bc5 4. c3 Nf6 5. d3 d6 6. Bb3 0-0 7. h3 h6 8. g4 d5 9. Qe2 Be6 10. Nbd2 dxe4 11. dxe4 Bxb3 12. axb3 Qe7 13. b4 Bb6 14. Nc4 a6 15. g5 hxg5 16. Bxg5 Qe6 17. Rg1 Nh7 18. 0-0-0 Nxg5 19. Nxg5 Qh6 20. Kb1 Rad8 21. Rde1 Rd7 22. Rg3 f6 23. Nf3 Nd8 24. Nxb6 cxb6 25. Qc4+ Kh8 26. Rg4 g5 27. h4 Rg7 28. hxg5 fxg5 29. Nxe5 Rxf2 30. Rgg1 Qe6 31. Qd4 Rf8 32. Rxg5 Rxg5 33. Nf7+ Kg8 34. Nxg5 Qf6 35. Qd5+ Kh8 36. Rh1+ Kg7 37. Qd7+ Kg6 38. Nh7 1-0

[Event "Madrid Villaverde op 11th"]
[Site "Madrid"]
[Date "2009.06.30"]
[Round "2"]
[White "Camarero Izquierdo, Juan Carlos"]
[Black "Sanchez Alvarez, Jorge"]
[Result "0-1"]
[WhiteElo "1906"]
[BlackElo "2005"]
[PlyCount "65"]
[EventDate "2009.06.29"]
[EventType "swiss"]
[EventRounds "9"]
[EventCountry "ESP"]
[SourceTitle "EXT 2010"]
[Source "ChessBase"]
[SourceDate "2010.11.25"]
[SourceVersion "1"]
[SourceVersionDate "2010.11.25"]
[SourceQuality "1"]

1. e4 e5 2. Bc4 Nc6 3. Nc3 Bc5 4. d3 d6 5. Nd5 Be6 6. Nf3 h6 7. Be3 Bb6 8. Qd2 Nf6 9. 0-0-0 Bxe3 10. Nxe3 Bxc4 11. Nxc4 b5 12. Ne3 Ne7 13. h4 Qd7 14. h5 0-0 15. Nh4 d5 16. f3 c5 17. Nhf5 d4 18. Nxe7+ Qxe7 19. Nf5 Qe6 20. Kb1 Nh7 21. g3 Rac8 22. Rh4 Kh8 23. f4 Rc6 24. g4 Ra6 25. b3 exf4 26. Qxf4 Ng5 27. Rh2 Rb6 28. Nh4 Qf6 29. Qd2 Nf3 30. Nxf3 Qxf3 31. g5 hxg5 32. Qxg5 Qxd1+ 33. Kb2 0-1

[Event "Mostoles Bicentenary op"]
[Site "Mostoles"]
[Date "2008.05.27"]
[Round "6"]
[White "Argumanez Avendano, Juan Antonio"]
[Black "Sanchez Alvarez, Jorge"]
[Result "0-1"]
[WhiteElo "1774"]
[BlackElo "2038"]
[PlyCount "57"]
[EventDate "2008.05.20"]
[EventType "swiss"]
[EventRounds "9"]
[EventCountry "ESP"]
[SourceTitle "CBM 124 Extra"]
[Source "ChessBase"]
[SourceDate "2008.07.03"]
[SourceVersion "1"]
[SourceVersionDate "2008.07.03"]
[SourceQuality "1"]

1. e4 e5 2. Nf3 Nf6 3. Nxe5 d6 4. Nf3 Nxe4 5. Be2 d5 6. d4 Bd6 7. c4 c6 8. Nc3 0-0 9. 0-0 Bf5 10. cxd5 Nxc3 11. bxc3 cxd5 12. Bg5 Qc7 13. Qd2 Nd7 14. Bh4 Rac8 15. Bg3 Bxg3 16. fxg3 Bg6 17. Rfc1 Nb6 18. Ne5 Be4 19. a4 f6 20. Nf3 Nc4 21. Bxc4 Qxc4 22. Qb2 Bxf3 23. gxf3 b6 24. Qb5 Rfe8 25. Rc2 Rc6 26. f4 a6 27. Qb2 Rce6 28. Rf1 Re1 29. Rc1 0-1

[Event "Madrid-ch qual A"]
[Site "Madrid"]
[Date "2007.11.20"]
[Round "8"]
[White "Sanchez Alvarez, Jorge"]
[Black "Ortega Morales, Pedro"]
[Result "1-0"]
[WhiteElo "2028"]
[BlackElo "1944"]
[PlyCount "101"]
[EventDate "2007.11.05"]
[EventType "swiss"]
[EventRounds "9"]
[EventCountry "ESP"]
[SourceTitle "CBM 121 Extra"]
[Source "ChessBase"]
[SourceDate "2008.01.10"]
[SourceVersion "1"]
[SourceVersionDate "2008.01.10"]
[SourceQuality "1"]

1. c4 e5 2. g3 Nf6 3. Bg2 Be7 4. Nc3 0-0 5. e4 Nc6 6. Nge2 Bc5 7. 0-0 a6 8. d3 d6 9. h3 Rb8 10. Kh2 Ne8 11. g4 h6 12. Ng3 Nd4 13. Nd5 c6 14. Ne3 g6 15. Ne2 Ng7 16. Nc2 Nxc2 17. Qxc2 Qh4 18. f3 Ne6 19. Qd2 Kg7 20. b4 Bb6 21. f4 Nd4 22. f5 Nxe2 23. Qxe2 gxf5 24. gxf5 Qf6 25. Be3 Bc7 26. Rg1 Kh7 27. Qh5 Bd8 28. Bf3 Qh4 29. Rg2 Qxh5 30. Bxh5 b5 31. c5 d5 32. f6 Bxf6 33. Rf1 Bg5 34. Bxg5 hxg5 35. Rf6 Be6 36. Rxg5 dxe4 37. dxe4 Rbd8 38. Rg2 Rg8 39. Rgf2 Rd3 40. R6f3 Rxf3 41. Bxf3 Rg6 42. a3 Rf6 43. Kg3 Rg6+ 44. Bg4 Kg7 45. Rd2 f5 46. exf5 Bxf5 47. Rd6 Be4 48. Rxg6+ Kxg6 49. Bf3 Bxf3 50. Kxf3 Kf5 51. Ke3 1-0

[Event "Madrid-ch qual A"]
[Site "Madrid"]
[Date "2007.11.19"]
[Round "7"]
[White "Rodriguez Bachiller, Luis"]
[Black "Sanchez Alvarez, Jorge"]
[Result "1-0"]
[WhiteElo "1871"]
[BlackElo "2028"]
[PlyCount "61"]
[EventDate "2007.11.05"]
[EventType "swiss"]
[EventRounds "9"]
[EventCountry "ESP"]
[SourceTitle "CBM 121 Extra"]
[Source "ChessBase"]
[SourceDate "2008.01.10"]
[SourceVersion "1"]
[SourceVersionDate "2008.01.10"]
[SourceQuality "1"]

1. Nf3 Nf6 2. c4 c5 3. b3 g6 4. Bb2 Bg7 5. g3 Nc6 6. Bg2 0-0 7. 0-0 Rb8 8. Na3 a6 9. Nc2 b5 10. cxb5 axb5 11. Ne5 Nxe5 12. Bxe5 d6 13. Bc3 Bb7 14. Ne1 d5 15. d3 d4 16. Bd2 Nd5 17. Nc2 Nc3 18. Bxc3 dxc3 19. Bxb7 Rxb7 20. a3 Rd7 21. Qe1 Qb6 22. b4 c4 23. dxc4 bxc4 24. Rd1 Rfd8 25. Rxd7 Rxd7 26. Qc1 Qd4 27. Nxd4 Bxd4 28. e3 Bg7 29. Rd1 Rd3 30. Kf1 Kf8 31. Ke2 1-0

[Event "Moratalaz op 20th"]
[Site "Madrid"]
[Date "2007.09.19"]
[Round "5"]
[White "Sanchez Alvarez, Jorge"]
[Black "Solaesa Navalpotro, Luis Julio"]
[Result "0-1"]
[WhiteElo "2037"]
[BlackElo "2291"]
[PlyCount "138"]
[EventDate "2007.09.15"]
[EventType "swiss"]
[EventRounds "9"]
[EventCountry "ESP"]
[SourceTitle "EXT 2008"]
[Source "ChessBase"]
[SourceDate "2007.11.25"]
[SourceVersion "1"]
[SourceVersionDate "2007.11.25"]
[SourceQuality "1"]

1. c4 c5 2. g3 g6 3. Bg2 Bg7 4. Nc3 Nc6 5. a3 d6 6. Rb1 a5 7. Nh3 Nf6 8. Nf4 0-0 9. 0-0 Ne8 10. Nb5 Nc7 11. Nxc7 Qxc7 12. h4 Rb8 13. h5 Bd7 14. d3 b5 15. h6 Bh8 16. Nd5 Qd8 17. b3 e6 18. Nf4 Qe7 19. Bb2 Bxb2 20. Rxb2 Qg5 21. e3 Qxh6 22. Bh3 g5 23. Nh5 f5 24. g4 Be8 25. f4 Bxh5 26. gxh5 g4 27. Bg2 Ne7 28. Qe1 b4 29. axb4 Rxb4 30. Qh4 Kg7 31. Ra1 Qf6 32. Qxf6+ Kxf6 33. Rxa5 Rfb8 34. Ra8 Rxa8 35. Bxa8 Kg7 36. Kg2 Kh6 37. Kg3 Kxh5 38. Bg2 Kg6 39. Bf1 Kf6 40. Rh2 Kg6 41. Rb2 h5 42. Be2 Rb6 43. Bd1 Ra6 44. b4 cxb4 45. Rxb4 Ra2 46. Ba4 Re2 47. Be8+ Kf6 48. Rb8 Rxe3+ 49. Kg2 h4 50. Bh5 Ng6 51. Bxg6 Kxg6 52. d4 h3+ 53. Kh2 Re2+ 54. Kh1 Re4 55. c5 dxc5 56. dxc5 Rxf4 57. c6 Rc4 58. Rc8 Kg5 59. c7 Kf4 60. Re8 Rxc7 61. Rxe6 Rc2 62. Kg1 Kg3 63. Re3+ Kh4 64. Ra3 f4 65. Ra1 Kg3 66. Ra3+ f3 67. Ra1 Rg2+ 68. Kh1 Rh2+ 69. Kg1 f2+ 0-1

[Event "Galapagar op 07th"]
[Site "Galapagar"]
[Date "2006.07.26"]
[Round "5"]
[White "Alvarez Jimenez, Alfonso"]
[Black "Sanchez Alvarez, Jorge"]
[Result "0-1"]
[WhiteElo "1872"]
[BlackElo "2112"]
[PlyCount "86"]
[EventDate "2006.07.22"]
[EventType "swiss"]
[EventRounds "7"]
[EventCountry "ESP"]
[SourceTitle "EXT 2007"]
[Source "ChessBase"]
[SourceDate "2006.11.23"]
[SourceVersion "1"]
[SourceVersionDate "2006.11.23"]
[SourceQuality "1"]

1. e4 e5 2. Nf3 Nc6 3. Bb5 a6 4. Ba4 Nf6 5. 0-0 d6 6. Re1 Be7 7. c3 Bg4 8. h3 Bh5 9. d4 b5 10. d5 Na5 11. Bc2 0-0 12. Nbd2 Qe8 13. b4 Nb7 14. Bb2 c6 15. c4 c5 16. bxc5 Nxc5 17. cxb5 axb5 18. a3 Bd8 19. Rc1 Ba5 20. Re3 Nfd7 21. g4 Bg6 22. Nh4 Nb6 23. Nf5 Bxf5 24. gxf5 Bxd2 25. Qxd2 Nc4 26. Qc3 Nxe3 27. Qxe3 Qd8 28. Kh2 g5 29. h4 h6 30. hxg5 hxg5 31. Rg1 f6 32. f4 exf4 33. Qxf4 Kf7 34. Qf1 Qe8 35. Rg4 Ke7 36. Bc1 Qh5+ 37. Kg3 Rh8 38. Qg2 Qh1 39. Qxh1 Rxh1 40. Be3 Rxa3 41. Kg2 Rh4 42. Rg3 Ra2 43. Kf3 Rxc2 0-1